[Event "WY Girls-U18"]
[Site "Porto Carras GRE"]
[Date "2010.10.28"]
[Round "9.9"]
[White "Bezgodova, Maria"]
[Black "Travkina, Anastasia"]
[Result "1/2-1/2"]
[WhiteTitle "WFM"]
[BlackTitle "WFM"]
[WhiteElo "2170"]
[BlackElo "2189"]
[WhiteFideId "24111260"]
[BlackFideId "24129151"]
[EventDate "2010.10.20"]

1. e4 c5 2. Nf3 d6 3. d4 cxd4 4. Nxd4 Nf6 5. Nc3 g6 6. Be3 Bg7 7. f3 Nc6 8. Qd2
O-O 9. O-O-O d5 10. Qe1 e5 11. Nxc6 bxc6 12. exd5 Nxd5 13. Bc4 Be6 14. h4 Qc7
15. Bc5 Rfb8 16. Ne4 Qb7 17. b3 a5 18. a4 h6 19. Bd6 Re8 20. Bc5 Red8 21. h5 g5
22. g4 Qc7 23. Qf2 Rab8 24. Rd2 Nf4 25. Rxd8+ Qxd8 26. Rd1 Nd5 27. Bd6 Ra8 28.
Qc5 Bf8 29. Bxd5 cxd5 30. Bxf8 Qxf8 31. Nf6+ Kg7 32. Qxf8+ Rxf8 33. Nxd5 e4 34.
Ne3 exf3 35. Rf1 f5 36. gxf5 Bxf5 37. Rxf3 Bd7 38. Rxf8 Kxf8 39. Kd2 g4 40. c3
Kg7 41. b4 axb4 42. cxb4 Bxa4 43. Nxg4 Be8 44. Ne5 Kf6 1/2-1/2

[Event "WY Girls-U18"]
[Site "Porto Carras GRE"]
[Date "2010.10.28"]
[Round "9.10"]
[White "Warakomska, Anna"]
[Black "Herrera Sosa, Jessica"]
[Result "1-0"]
[WhiteTitle "WFM"]
[BlackTitle "WFM"]
[WhiteElo "2188"]
[BlackElo "1964"]
[WhiteFideId "1130790"]
[BlackFideId "3900479"]
[EventDate "2010.10.20"]

1. e4 c5 2. Nf3 d6 3. d4 cxd4 4. Nxd4 Nf6 5. Nc3 a6 6. Be3 e5 7. Nf3 Be7 8. Bc4
Qc7 9. Bb3 O-O 10. O-O b5 11. Bg5 Nbd7 12. Qe2 Bb7 13. Rfd1 Rac8 14. a3 h6 15.
Bxf6 Nxf6 16. Nd2 Rfd8 17. Nf1 Qc5 18. Ne3 Nxe4 19. Ncd5 Bf8 20. Nf5 Ng5 21.
Nfe7+ Kh8 22. Nxc8 Qxc8 23. a4 bxa4 24. Rxa4 f5 25. Qc4 Qe6 26. Nf4 Qxc4 27.
Ng6+ Kh7 28. Nxf8+ Rxf8 29. Bxc4 Ne4 30. Bd5 Bxd5 31. Rxd5 Rb8 32. f3 Nc5 33.
Ra2 Rb6 34. c3 Kg6 35. b4 Nb7 36. Kf2 Kf6 37. Ke2 Ke6 38. Rd1 Rc6 39. Kd2 Kd5
40. Rda1 a5 41. bxa5 Ra6 42. Rb1 Kc6 43. Rb6+ Rxb6 44. axb6 Kxb6 45. Ra8 Nc5 46.
Rf8 f4 47. Rf7 e4 48. fxe4 Nxe4+ 49. Kd3 Nc5+ 50. Kc2 g5 51. Rf6 Kc6 52. Rxh6
Ne4 53. h4 Kd5 54. h5 Ke5 55. Rg6 Kf5 56. Rg7 g4 57. h6 1-0

[Event "WY Girls-U18"]
[Site "Porto Carras GRE"]
[Date "2010.10.28"]
[Round "9.11"]
[White "Tanacs, Anna"]
[Black "Haast, Anne"]
[Result "0-1"]
[WhiteTitle "WFM"]
[BlackTitle "WIM"]
[WhiteElo "2070"]
[BlackElo "2256"]
[WhiteFideId "729159"]
[BlackFideId "1017292"]
[EventDate "2010.10.20"]

1. d4 Nf6 2. Nf3 g6 3. g3 Bg7 4. Bg2 O-O 5. O-O d6 6. c4 Nbd7 7. Nc3 e5 8. e3 c6
9. a4 Qe7 10. b3 Nh5 11. Ba3 e4 12. Nxe4 Qxe4 13. Ne5 Qf5 14. g4 Qg5 15. Nxd7
Bxd7 16. gxh5 Bg4 17. Qd2 Bf3 0-1

[Event "WY Girls-U18"]
[Site "Porto Carras GRE"]
[Date "2010.10.29"]
[Round "10.1"]
[White "Rakhmangulova, Anastasiya"]
[Black "Kazimova, Narmin Nizami qizi"]
[Result "0-1"]
[BlackTitle "WIM"]
[WhiteElo "2153"]
[BlackElo "2260"]
[WhiteFideId "14117479"]
[BlackFideId "13402951"]
[EventDate "2010.10.20"]

1. e4 c5 2. Nf3 d6 3. Bc4 Nf6 4. d3 e6 5. Bb3 Nc6 6. c3 a6 7. O-O b5 8. a4 Bb7
9. axb5 axb5 10. Rxa8 Qxa8 11. Na3 Ba6 12. d4 c4 13. Bc2 Be7 14. e5 Nd5 15. Be4
dxe5 16. Bxd5 exd5 17. dxe5 O-O 18. Qxd5 Rd8 19. Qe4 Bb7 20. Qg4 Qa4 21. e6 f6
22. Qh5 Ba6 23. Nd4 g6 24. Qd1 Nxd4 25. cxd4 Qa5 26. Nc2 b4 27. Ne3 Qb5 28. Re1
Bc8 29. Ng4 Qd5 30. Nh6+ Kg7 31. Nf7 Bb7 32. Qg4 Qxd4 33. Qg3 Rc8 34. Be3 Qd5
35. Qg4 c3 36. Rd1 cxb2 37. Rxd5 Bxd5 38. h4 b1=Q+ 39. Kh2 Qe4 40. Bh6+ Kg8 41.
Qd1 0-1

[Event "WY Girls-U18"]
[Site "Porto Carras GRE"]
[Date "2010.10.29"]
[Round "10.2"]
[White "Tsatsalashvili, Keti"]
[Black "Bhakti, Kulkarni"]
[Result "1/2-1/2"]
[WhiteTitle "WIM"]
[BlackTitle "CM"]
[WhiteElo "2266"]
[BlackElo "2294"]
[WhiteFideId "13603434"]
[BlackFideId "5019516"]
[EventDate "2010.10.20"]

1. d4 e6 2. c4 f5 3. g3 Nf6 4. Bg2 d5 5. Nh3 c6 6. Qc2 Bd6 7. O-O O-O 8. Bf4 Be7
9. Nd2 h6 10. cxd5 cxd5 11. Bxb8 Rxb8 12. Nf4 Kh7 13. Nd3 Bd7 14. Qb3 Qa5 15.
Qd1 Ba4 16. Qe1 Rbc8 17. Nb3 Qxe1 18. Rfxe1 b6 19. Rac1 Bd6 20. Nd2 Bb5 21. a3
g5 22. Rxc8 Rxc8 23. Rc1 Rxc1+ 24. Nxc1 Kg6 25. Bf1 e5 26. e3 Bxf1 27. Kxf1 exd4
28. exd4 f4 29. Ne2 fxg3 30. hxg3 Kf5 31. f3 h5 32. Kg2 Ne8 33. Nf1 Nc7 34. g4+
hxg4 35. Ne3+ Ke6 36. fxg4 Be7 37. Kf3 Bf6 38. Nf5 Nb5 39. Ke3 a6 40. Kd3 Kd7
41. a4 Nc7 42. Nc3 a5 43. b3 Kc6 44. Ne3 Be7 45. Nf5 Bd8 46. Ne3 Bf6 47. Nf5 1/2-1/2

[Event "WY Girls-U18"]
[Site "Porto Carras GRE"]
[Date "2010.10.29"]
[Round "10.3"]
[White "Cori T., Deysi"]
[Black "Stetsko, Lanita"]
[Result "1-0"]
[WhiteTitle "WGM"]
[BlackTitle "FM"]
[WhiteElo "2368"]
[BlackElo "2148"]
[WhiteFideId "3801934"]
[BlackFideId "13505300"]
[EventDate "2010.10.20"]

1. d4 g6 2. Nf3 Bg7 3. c4 c5 4. d5 d6 5. e4 e6 6. Nc3 exd5 7. cxd5 a6 8. a4 Bg4
9. Be2 Bxf3 10. Bxf3 Nd7 11. O-O Ne7 12. Bf4 Ne5 13. Be2 O-O 14. Qd2 f5 15. Kh1
Nf7 16. f3 h6 17. Bg3 Qd7 18. a5 Rae8 19. Rae1 fxe4 20. Nxe4 Nf5 21. Bf2 Nd4 22.
b4 Qf5 23. bxc5 Qxd5 24. Bxd4 Qxd4 25. Qxd4 Bxd4 26. cxd6 Kg7 27. Rd1 Be5 28.
Bc4 Rc8 29. Bxf7 Rxf7 30. Rd5 Bf6 31. d7 Rd8 32. Nc5 1-0

[Event "WY Girls-U18"]
[Site "Porto Carras GRE"]
[Date "2010.10.29"]
[Round "10.4"]
[White "Hoang, Thi Nhu Y"]
[Black "Bulmaga, Irina"]
[Result "1-0"]
[WhiteTitle "WIM"]
[BlackTitle "WIM"]
[WhiteElo "2214"]
[BlackElo "2267"]
[WhiteFideId "12401455"]
[BlackFideId "13903063"]
[EventDate "2010.10.20"]

1. c4 Nf6 2. Nf3 e6 3. d4 d5 4. Bg5 Be7 5. e3 h6 6. Bh4 O-O 7. Nbd2 b6 8. Bd3
Bb7 9. O-O c5 10. Qe2 dxc4 11. Bxc4 cxd4 12. Nxd4 a6 13. a3 b5 14. Ba2 Re8 15.
Rfd1 Qb6 16. Rac1 Nbd7 17. h3 Nc5 18. b4 Na4 19. Bb3 Nd5 20. Bxe7 Ndc3 21. Qf1
Rxe7 22. Bxa4 Nxa4 23. Rc2 Rd7 24. Rdc1 Rad8 25. N2f3 Be4 26. Rc8 Qb7 27. Rxd8+
Rxd8 28. Ne5 Rd6 29. f3 Bd5 30. Qf2 Nb6 31. Qg3 Rd8 32. Ng4 Kf8 33. Rc7 Qb8 34.
Ne5 g5 35. Rxf7+ Kg8 36. f4 Nc4 37. Rf6 Nxe5 38. fxe5 Kg7 39. h4 Qc8 40. hxg5 h5
41. Qf4 Qc1+ 42. Kh2 Qb2 43. Nxe6+ Bxe6 44. Rxe6 1-0

[Event "WY Girls-U18"]
[Site "Porto Carras GRE"]
[Date "2010.10.29"]
[Round "10.5"]
[White "Iordanidou, Zoi"]
[Black "Efroimski, Marsel"]
[Result "0-1"]
[BlackTitle "WFM"]
[WhiteElo "2152"]
[BlackElo "2244"]
[WhiteFideId "4209192"]
[BlackFideId "2810964"]
[EventDate "2010.10.20"]

1. e4 c6 2. d4 d5 3. exd5 cxd5 4. Bd3 Nc6 5. c3 Qc7 6. h3 Nf6 7. Ne2 e6 8. Bf4
Bd6 9. Bxd6 Qxd6 10. O-O O-O 11. Nd2 Bd7 12. f4 Rac8 13. Qe1 Na5 14. b3 Qb6 15.
Rc1 Rc7 16. Rf3 g6 17. Qh4 Ne8 18. b4 Nc6 19. Nb3 Nb8 20. Nc5 Bb5 21. a4 Bxd3
22. Nxd3 Ng7 23. Qf2 f6 24. g4 Qd6 25. Qe3 Nd7 26. a5 Re8 27. Rcf1 b6 28. axb6
axb6 29. Ra1 Qc6 30. Rff1 Ra8 31. Rxa8+ Qxa8 32. g5 Qe8 33. gxf6 Nf5 34. Qf3
Nxf6 35. Ne5 Ne4 36. Ra1 Qc8 37. Ra3 Nfd6 38. Qd3 Qd8 39. Ra6 Qh4 40. Ra8+ Kg7
41. Qf3 Qe1+ 42. Qf1 Qd2 43. Nf3 Qe3+ 44. Kg2 Nf5 45. Ra3 Qd3 46. Kg1 Ne3 47.
Ne5 Qd2 48. Qf3 Qe1+ 49. Kh2 Nd2 0-1

[Event "WY Girls-U18"]
[Site "Porto Carras GRE"]
[Date "2010.10.29"]
[Round "10.6"]
[White "Vo, Thi Kim Phung"]
[Black "Warakomska, Anna"]
[Result "1-0"]
[WhiteTitle "WIM"]
[BlackTitle "WFM"]
[WhiteElo "2147"]
[BlackElo "2188"]
[WhiteFideId "12401838"]
[BlackFideId "1130790"]
[EventDate "2010.10.20"]

1. d4 d5 2. Nf3 c6 3. c4 e6 4. cxd5 exd5 5. Nc3 Bd6 6. Bg5 Ne7 7. e3 h6 8. Bh4
Bf5 9. Qb3 Qb6 10. Nd2 Nd7 11. Bg3 Bxg3 12. hxg3 O-O 13. Be2 Rfe8 14. Na4 Qa5
15. Rc1 Rab8 16. Nc5 Nxc5 17. Rxc5 Qb6 18. Qc3 Nc8 19. O-O Re6 20. b4 a6 21. Qb3
Nd6 22. a4 Qd8 23. Rfc1 Ne4 24. Nxe4 Bxe4 25. b5 axb5 26. axb5 h5 27. Bxh5 Rh6
28. Be2 Rc8 29. Bd3 Bxd3 30. Qxd3 Qg5 31. Qe2 Rh8 32. Qf3 Qh6 33. Kf1 Ra8 34.
R5c2 Ra1 35. Ke2 Qg6 36. Kd2 Rh1 37. Rxh1 Rxh1 38. Qf4 Kh7 39. bxc6 bxc6 40. g4
Qe6 41. Qf5+ Qxf5 42. gxf5 Rh2 43. Rxc6 Rxg2 44. Ke2 Rg5 45. f6 gxf6 46. Rxf6
Kg7 47. Rf4 f6 48. Kf3 Kf7 49. Rg4 Rf5+ 50. Kg3 Ke6 51. Rg8 Rh5 52. Re8+ Kf7 53.
Ra8 Kg6 54. Ra5 Rg5+ 55. Kf3 Rf5+ 56. Ke2 Rg5 57. f3 Rg2+ 58. Kd3 Rg5 59. Ke2
Rg2+ 60. Kf1 Rg5 61. Kf2 Rf5 62. Ra1 Rh5 63. Rg1+ Kf5 64. Rg8 Rh2+ 65. Kg3 Re2
66. Re8 Re1 67. Kf2 Ra1 68. Ke2 Ra3 69. Kd2 Ra7 70. Rc8 Ra3 71. Rc2 Ra1 72. Ke2
Ra3 73. Kf2 Rb3 74. Rc6 Rb2+ 75. Ke1 Rb1+ 76. Kd2 Rb2+ 77. Kd3 Rb3+ 78. Rc3 Rb1
79. Ra3 Rd1+ 80. Ke2 Rb1 81. Kf2 Rb2+ 82. Kg3 Re2 83. Rd3 Rb2 84. Ra3 Re2 85.
Rc3 Re1 86. Kf2 Rb1 87. Rc5 Ke6 88. Kg3 Rh1 89. Ra5 Rh8 90. Kg4 Rg8+ 91. Kf4 Rh8
92. Ra6+ Ke7 93. e4 dxe4 94. Kxe4 Rh1 95. f4 Re1+ 96. Kf5 Rd1 97. Ra7+ Kd6 98.
Kxf6 Rxd4 99. f5 Rf4 100. Kg6 Rf1 101. f6 Ke6 102. Re7+ Kd6 103. Kg7 Rg1+ 104.
Kf8 Rh1 105. Re2 Kd7 106. f7 Rf1 107. Re7+ Kd8 108. Re5 Rg1 109. Rd5+ Kc7 110.
Ke7 Re1+ 111. Kf6 1-0

[Event "WY Girls-U18"]
[Site "Porto Carras GRE"]
[Date "2010.10.29"]
[Round "10.7"]
[White "Haast, Anne"]
[Black "Havlikova, Kristyna"]
[Result "0-1"]
[WhiteTitle "WIM"]
[BlackTitle "WIM"]
[WhiteElo "2256"]
[BlackElo "2318"]
[WhiteFideId "1017292"]
[BlackFideId "309672"]
[EventDate "2010.10.20"]

1. e4 c5 2. Nf3 e6 3. d4 cxd4 4. Nxd4 a6 5. c4 Nf6 6. Bd3 d6 7. Nc3 g6 8. Bg5
Bg7 9. Qd2 h6 10. Bh4 g5 11. Bg3 Nh5 12. Nde2 Nc6 13. O-O-O Nxg3 14. hxg3 Qc7
15. f4 Bf6 16. Bc2 Ke7 17. Rhe1 Bd7 18. Nd5+ exd5 19. Nc3 Nb4 20. e5 dxe5 21.
fxe5 Bg7 22. Nxd5+ Nxd5 23. cxd5 Qc5 24. b4 Qc4 25. e6 fxe6 26. dxe6 Ba4 27.
Qd6+ Ke8 28. Rd2 Qc3 29. Kd1 Bxc2+ 30. Rxc2 Qa1+ 31. Rc1 Rd8 32. Qxd8+ Kxd8 33.
Rxa1 Bxa1 34. Kc2 Bf6 35. Rd1+ Kc8 0-1

[Event "WY Girls-U18"]
[Site "Porto Carras GRE"]
[Date "2010.10.29"]
[Round "10.8"]
[White "Hejazipour, Mitra"]
[Black "Pavlidou, Ekaterini"]
[Result "1/2-1/2"]
[WhiteTitle "WFM"]
[BlackTitle "WIM"]
[WhiteElo "2239"]
[BlackElo "2191"]
[WhiteFideId "12505951"]
[BlackFideId "4213262"]
[EventDate "2010.10.20"]

1. d4 Nf6 2. Nf3 e6 3. c4 b6 4. g3 Ba6 5. b3 Bb4+ 6. Bd2 Be7 7. Bg2 c6 8. O-O d5
9. Qc2 O-O 10. Rd1 Nbd7 11. a4 Ne4 12. Be1 Qc8 13. a5 f5 14. Nc3 Bf6 15. cxd5
cxd5 16. Rdc1 Qb7 17. Qa2 Rfc8 18. e3 Bd8 19. Nxe4 fxe4 20. Rxc8 Rxc8 21. Ne5
Nxe5 22. dxe5 Bd3 23. Bh3 Kf7 24. Qa3 Be7 25. Bb4 1/2-1/2

[Event "WY Girls-U18"]
[Site "Porto Carras GRE"]
[Date "2010.10.29"]
[Round "10.9"]
[White "Kulon, Klaudia"]
[Black "Bezgodova, Maria"]
[Result "1/2-1/2"]
[WhiteTitle "WFM"]
[BlackTitle "WFM"]
[WhiteElo "2196"]
[BlackElo "2170"]
[WhiteFideId "1131044"]
[BlackFideId "24111260"]
[EventDate "2010.10.20"]

1. e4 e5 2. Nf3 Nc6 3. Bb5 a6 4. Ba4 Nf6 5. O-O Be7 6. Qe2 d6 7. c3 O-O 8. h3
Bd7 9. Bc2 Re8 10. Rd1 Bf8 11. d4 exd4 12. cxd4 Nb4 13. Nc3 Nxc2 14. Qxc2 Nxe4
15. Nxe4 Bf5 16. Nfg5 d5 17. Qb3 Bxe4 18. Nxe4 dxe4 19. Qxb7 Qd6 20. Qb3 Rab8
21. Qc2 f5 22. g3 Qd5 23. b3 Bd6 24. Be3 f4 25. gxf4 Qf5 26. Qc4+ Kh8 27. Kf1
Qxh3+ 28. Ke2 Bb4 29. a3 Qg4+ 30. Kf1 Qh3+ 31. Ke2 Qf3+ 32. Kf1 Bd6 33. Re1 Bxf4
34. Bxf4 Qxf4 35. Qc3 Rb6 36. Rac1 Rh6 37. Qg3 Qf6 38. Qe3 Qb6 39. Rc4 Rf6 40.
Qg3 Ref8 41. Rxe4 h6 42. Re3 Qb7 43. Ke2 c6 44. f3 Qf7 45. Rc5 Qd7 46. Qg4 Qd6
47. Qe4 Qh2+ 48. Kd3 Qb2 49. Kc4 Rf4 50. Qd3 Qxa3 51. Qc3 Rb8 52. Rd3 Rf6 53.
Re3 Kg8 54. Ra5 Qd6 55. Kd3 Kh8 56. Rxa6 Qd5 57. Ke2 Qb5+ 58. Qc4 Qg5 59. Rxc6
Qg2+ 60. Kd3 Qf1+ 61. Kd2 Qf2+ 62. Re2 Qxf3 63. Rc8+ Rxc8 64. Qxc8+ Rf8 65. Qc3
Qf4+ 66. Kc2 Rd8 67. Rd2 Qf5+ 68. Kb2 Rc8 69. Qd3 Qd5 70. Rc2 Ra8 71. Rc5 Qh1
72. Qb1 Qh2+ 73. Qc2 Qg1 74. Rc8+ Rxc8 75. Qxc8+ Kh7 76. Qf5+ Kh8 77. Qc8+ Kh7
78. Qc2+ Kh8 79. Qd3 Qg2+ 80. Kc3 Qc6+ 81. Kb4 Qb6+ 82. Ka3 Qa5+ 83. Kb2 Qd5 84.
b4 h5 85. b5 h4 86. Kc3 g5 87. Qe2 h3 88. Qh5+ Kg7 89. Qxh3 Qxb5 90. Qe6 Qb7 91.
Qe5+ Kg6 92. d5 1/2-1/2

[Event "WY Girls-U18"]
[Site "Porto Carras GRE"]
[Date "2010.10.29"]
[Round "10.10"]
[White "Travkina, Anastasia"]
[Black "Purgar, Ivona"]
[Result "1/2-1/2"]
[WhiteTitle "WFM"]
[BlackTitle "WFM"]
[WhiteElo "2189"]
[BlackElo "2091"]
[WhiteFideId "24129151"]
[BlackFideId "14514451"]
[EventDate "2010.10.20"]

1. e4 c5 2. c3 Nf6 3. e5 Nd5 4. Nf3 e6 5. Na3 d6 6. Nc4 dxe5 7. Ncxe5 Bd6 8.
Bb5+ Nd7 9. O-O O-O 10. d4 cxd4 11. cxd4 f6 12. Nd3 a6 13. Bc4 N7b6 14. Bb3 Qe7
15. Re1 Re8 16. Nd2 Qc7 17. h3 Bd7 18. Ne4 Bc6 19. Bd2 a5 20. a4 Kh8 21. Nxd6
Qxd6 22. Nc5 e5 23. Ne4 Qc7 24. dxe5 Rxe5 25. Ng3 Rxe1+ 26. Qxe1 Nf4 27. Bxf4
Qxf4 28. Qe7 Re8 29. Qc5 Nxa4 30. Bxa4 Bxa4 31. b4 Bc6 32. bxa5 Qe5 33. Qxe5
Rxe5 34. a6 bxa6 35. Rxa6 Be8 1/2-1/2

[Event "WY Girls-U18"]
[Site "Porto Carras GRE"]
[Date "2010.10.29"]
[Round "10.11"]
[White "Grigorian, Marine"]
[Black "Eric, Jovana"]
[Result "0-1"]
[WhiteTitle "WFM"]
[BlackTitle "WIM"]
[WhiteElo "2178"]
[BlackElo "2218"]
[WhiteFideId "4124260"]
[BlackFideId "938238"]
[EventDate "2010.10.20"]

1. Nf3 d5 2. g3 c6 3. Bg2 Bg4 4. O-O Nd7 5. d4 Ngf6 6. Nbd2 e6 7. Re1 Be7 8. e4
dxe4 9. Nxe4 O-O 10. Nxf6+ Nxf6 11. c3 h6 12. h3 Bh5 13. Qb3 Bxf3 14. Bxf3 Qd7
15. Kg2 Bd6 16. Bd2 Rfe8 17. Rad1 Qc7 18. c4 Nd7 19. Be4 e5 20. dxe5 Bxe5 21.
Bb1 Nf6 22. c5 b6 23. Rc1 bxc5 24. Rxc5 Bd4 25. Rc4 Rxe1 26. Bxe1 c5 27. Bc3 Rb8
28. Qd1 Qb7+ 29. Kg1 Qd5 30. Bd3 Bxc3 31. Rxc3 Rxb2 32. Rb3 Rxb3 33. axb3 g6 34.
Qc2 Kg7 35. Bc4 Qd4 36. Qe2 Ne4 37. Qf3 Ng5 38. Qg4 Qxg4 39. hxg4 Nf3+ 40. Kg2
Ne5 41. Be2 Kf6 42. f4 Nc6 43. Bc4 Ke7 44. Kf3 f5 45. gxf5 gxf5 46. Ke3 Kd6 47.
Bd3 Nd4 48. Bc4 Nc2+ 49. Kf3 a5 50. Ke2 Nb4 51. Kf3 Ke7 52. Ke3 Kf6 53. Kd2 Nc6
54. Kc3 Nd4 55. Bd3 Kg6 56. g4 Kf6 57. gxf5 h5 58. Kc4 h4 59. Kxc5 Nxb3+ 60. Kc4
a4 61. Kb4 h3 62. Bf1 h2 63. Bg2 Nc5 0-1

[Event "WY Girls-U18"]
[Site "Porto Carras GRE"]
[Date "2010.10.29"]
[Round "10.12"]
[White "Endress, Anna"]
[Black "Gorozhankina, Julia"]
[Result "1/2-1/2"]
[BlackTitle "WFM"]
[WhiteElo "2160"]
[BlackElo "2069"]
[WhiteFideId "24629472"]
[BlackFideId "4199650"]
[EventDate "2010.10.20"]

1. e4 d5 2. exd5 Qxd5 3. Nc3 Qa5 4. d4 c6 5. Bc4 Bf5 6. Nf3 Nd7 7. Bd2 Ngf6 8.
Qe2 Qc7 9. d5 Nb6 10. Nd4 Nxc4 11. Qxc4 Bd7 12. O-O Rc8 13. dxc6 Bxc6 14. Nxc6
Qxc6 15. Qxc6+ Rxc6 16. Bf4 a6 17. Rad1 e6 18. Rd3 Be7 19. Rfd1 h6 20. Kf1 O-O
21. Bd6 Bxd6 22. Rxd6 Rfc8 23. Rd8+ Rxd8 24. Rxd8+ Kh7 25. Ke2 Kg6 26. Rd4 Rb6
27. Na4 Rc6 28. Nc3 Rb6 29. b3 Rc6 30. Rd3 Kf5 31. Kd2 g5 32. f3 h5 33. Ne2 Rc7
34. c4 g4 35. a3 Nd7 36. Ng3+ Kg6 37. Kc3 b5 38. f4 Nb6 39. Rd4 a5 40. Kd3 a4
41. cxb5 axb3 42. Rb4 Rd7+ 43. Ke2 Nd5 44. Rxb3 Nxf4+ 45. Kf2 Nd3+ 46. Ke3 Ne5
47. Rc3 Rb7 48. a4 Ra7 49. Kd4 f6 50. Ra3 Rd7+ 51. Kc3 Rd3+ 52. Kb4 Rd4+ 53. Kc5
Rd5+ 54. Kb4 Rd4+ 55. Kc3 Rd3+ 56. Kb4 Rd4+ 57. Kc5 Rd5+ 58. Kb4 Rd4+ 59. Kc3 1/2-1/2

[Event "WY Girls-U18"]
[Site "Porto Carras GRE"]
[Date "2010.10.30"]
[Round "11.1"]
[White "Kazimova, Narmin Nizami qizi"]
[Black "Bhakti, Kulkarni"]
[Result "1/2-1/2"]
[WhiteTitle "WIM"]
[BlackTitle "CM"]
[WhiteElo "2260"]
[BlackElo "2294"]
[WhiteFideId "13402951"]
[BlackFideId "5019516"]
[EventDate "2010.10.20"]

1. Nf3 e6 2. c4 f5 3. g3 Nf6 4. Bg2 d5 5. d4 c6 6. b3 Bd6 7. O-O Qe7 8. Bb2 O-O
9. Qc1 b5 10. Ba3 bxc4 11. bxc4 Ba6 12. Bxd6 Qxd6 13. Nbd2 Nbd7 14. Re1 Ne4 15.
e3 Rfc8 16. c5 Qc7 17. Nxe4 fxe4 18. Ng5 Re8 19. f4 exf3 20. Qc2 g6 21. Bxf3 Qd8
22. h4 Nf6 23. Rad1 Qc7 24. Qf2 h6 25. Nh3 e5 26. dxe5 Qxe5 27. Rd4 g5 28. hxg5
hxg5 29. Bg2 Kg7 30. e4 dxe4 31. Qe3 Kh6 32. Rd6 Rad8 33. Nxg5 Kg6 34. Rxd8 Rxd8
35. Bxe4+ Nxe4 36. Qxe4+ Qxe4 37. Nxe4 Re8 38. Kf2 Re5 1/2-1/2

[Event "WY Girls-U18"]
[Site "Porto Carras GRE"]
[Date "2010.10.30"]
[Round "11.2"]
[White "Tsatsalashvili, Keti"]
[Black "Cori T., Deysi"]
[Result "0-1"]
[WhiteTitle "WIM"]
[BlackTitle "WGM"]
[WhiteElo "2266"]
[BlackElo "2368"]
[WhiteFideId "13603434"]
[BlackFideId "3801934"]
[EventDate "2010.10.20"]

1. d4 e6 2. c4 Nf6 3. Nf3 Bb4+ 4. Nbd2 O-O 5. a3 Be7 6. e4 d5 7. e5 Nfd7 8. b4
a5 9. b5 c5 10. Bb2 f6 11. Bd3 cxd4 12. Bxd4 Bc5 13. Bxc5 Nxc5 14. Qc2 Nxd3+ 15.
Qxd3 fxe5 16. Nxe5 Nd7 17. Nxd7 Qxd7 18. Nf3 Rf5 19. Rd1 b6 20. O-O Bb7 21. Qe3
Qd6 22. Rfe1 Rc8 23. Ne5 h6 24. f3 Qc5 25. Qxc5 Rxc5 26. Nd7 Rc7 27. Nxb6 dxc4
28. Rd8+ Kf7 29. Nxc4 Ke7 30. Rd4 Rxb5 31. Nd6 Rd5 32. Rxd5 Bxd5 33. Nf5+ Kf6
34. Ne3 Rc3 35. Ng4+ Ke7 36. Re3 Rc1+ 37. Kf2 a4 38. Re1 Rc7 39. Ne3 Kd6 40. Rd1
Ke5 41. Nxd5 exd5 42. Ke3 Rc3+ 43. Rd3 d4+ 44. Kd2 Rc7 45. f4+ Ke4 46. Rf3 Rb7
47. Rg3 Kxf4 48. Rg6 Ke4 49. Rg4+ Kd5 50. Rg6 Rb2+ 51. Kc1 Ra2 52. Rxg7 Kc4 53.
Rg6 Rxa3 54. Rxh6 Kc3 55. Rc6+ Kd3 56. Ra6 Ke2 57. Re6+ Re3 58. Rb6 Rc3+ 59. Kb2
Rb3+ 60. Rxb3 axb3 0-1

[Event "WY Girls-U18"]
[Site "Porto Carras GRE"]
[Date "2010.10.30"]
[Round "11.3"]
[White "Havlikova, Kristyna"]
[Black "Rakhmangulova, Anastasiya"]
[Result "1-0"]
[WhiteTitle "WIM"]
[WhiteElo "2318"]
[BlackElo "2153"]
[WhiteFideId "309672"]
[BlackFideId "14117479"]
[EventDate "2010.10.20"]

1. e4 d5 2. exd5 Qxd5 3. Nc3 Qd6 4. d4 Nf6 5. Nb5 Qb6 6. c4 c6 7. Nc3 g6 8. h3
Bg7 9. Nf3 O-O 10. Be2 Bf5 11. O-O Na6 12. c5 Qd8 13. Bxa6 bxa6 14. Re1 a5 15.
Bf4 Be6 16. Be5 Nd5 17. Qd2 f6 18. Bg3 Bf7 19. Re2 Re8 20. Rae1 g5 21. Nxd5 Bxd5
22. Qc3 h5 23. h4 g4 24. Nd2 Bh6 25. Nc4 e6 26. Ne3 Bxe3 27. Qxe3 Kh7 28. Bd6
Rg8 29. Qd3+ Kg7 30. Qg3 Qe8 31. Re3 Qg6 32. Ra3 Qc2 33. Qc3 Qxc3 34. bxc3 Bc4
35. Rxa5 a6 36. Ra4 Bb5 37. Rb4 a5 38. Rb2 Kf7 39. Rc1 Bc4 40. Rb7+ Kg6 41. a3
a4 42. Re1 Kf5 43. Rb4 Bb3 44. Kf1 Rge8 45. Re3 Ra5 46. Ke2 Rb5 47. Rxb5 Bc4+
48. Kd2 Bxb5 49. Re1 Bc4 50. Rb1 Bb3 51. Ke3 e5 52. dxe5 fxe5 53. Rb2 Rd8 54.
Kd3 Rg8 55. Re2 Re8 56. c4 Bd1 57. Re1 Bb3 58. Kc3 e4 59. g3 Re6 60. Re3 Re8 61.
Kb4 Ra8 62. Re2 Bd1 63. Rd2 Bb3 64. Bf4 Ra7 65. Kc3 Rb7 66. Bg5 Ke5 67. Rd6 Ba2
68. Bf6+ Kf5 69. Bd4 Rb3+ 70. Kc2 e3 71. Rf6+ 1-0

[Event "WY Girls-U18"]
[Site "Porto Carras GRE"]
[Date "2010.10.30"]
[Round "11.4"]
[White "Efroimski, Marsel"]
[Black "Hoang, Thi Nhu Y"]
[Result "0-1"]
[WhiteTitle "WFM"]
[BlackTitle "WIM"]
[WhiteElo "2244"]
[BlackElo "2214"]
[WhiteFideId "2810964"]
[BlackFideId "12401455"]
[EventDate "2010.10.20"]

1. e4 c6 2. d4 d5 3. e5 c5 4. Nf3 Nc6 5. c4 cxd4 6. Nxd4 e6 7. Nxc6 bxc6 8. cxd5
cxd5 9. Bd3 Ne7 10. O-O Ng6 11. f4 Bc5+ 12. Kh1 O-O 13. Qh5 f5 14. Nd2 Be3 15.
Nb3 Bb6 16. Rf3 Rf7 17. Rh3 Nf8 18. Be3 Bxe3 19. Rxe3 Qb6 20. Re2 Rc7 21. Qf3
Bb7 22. Qf2 Qb4 23. Qd4 a5 24. Qxb4 axb4 25. Kg1 Ba6 26. Bxa6 Rxa6 27. Nd4 Rc4
28. Rd2 Nd7 29. b3 Rc3 30. Rc2 Nc5 31. Rac1 Rxa2 32. Rxa2 Rxc1+ 33. Kf2 Rd1 34.
Ra8+ Kf7 35. Ra7+ Kg6 36. Nc6 Rd2+ 37. Kg3 Ne4+ 38. Kh3 Rd3+ 39. g3 h6 40. Rb7
Rd2 41. Nd8 Kh5 42. Rxg7 Nf2+ 43. Kg2 Ng4+ 44. Kg1 d4 45. Nxe6 Ne3 46. h3 d3 47.
Rd7 Rg2+ 48. Kh1 d2 49. Ng7+ Kg6 50. e6 Re2 51. Rxd2 Re1+ 52. Kh2 Nf1+ 53. Kg2
Nxd2 54. Kf2 Re4 0-1

[Event "WY Girls-U18"]
[Site "Porto Carras GRE"]
[Date "2010.10.30"]
[Round "11.5"]
[White "Stetsko, Lanita"]
[Black "Vo, Thi Kim Phung"]
[Result "1-0"]
[WhiteTitle "FM"]
[BlackTitle "WIM"]
[WhiteElo "2148"]
[BlackElo "2147"]
[WhiteFideId "13505300"]
[BlackFideId "12401838"]
[EventDate "2010.10.20"]

1. e4 c5 2. Nc3 Nc6 3. g3 g6 4. Bg2 Bg7 5. d3 e6 6. Be3 d6 7. f4 Nge7 8. Nf3 Nd4
9. O-O O-O 10. e5 dxe5 11. fxe5 Nef5 12. Bf2 Nxf3+ 13. Qxf3 Nd4 14. Qd1 Bxe5 15.
Na4 Qc7 16. c3 Nf5 17. Nxc5 Rb8 18. d4 b6 19. Ne4 Bd6 20. Nxd6 Nxd6 21. g4 Bb7
22. Bg3 Rbd8 23. Qe2 Bxg2 24. Qxg2 Qc4 25. Rae1 Nb5 26. Be5 Qd5 27. Qxd5 exd5
28. Rf6 Rfe8 29. Ref1 Re7 30. Rc6 Red7 31. Rff6 a5 32. a4 Na7 33. Rxb6 Nc8 34.
Rb5 Kf8 35. Rxa5 Ne7 36. b4 Ng8 37. Rf3 Ke7 38. Re3 Rc8 39. Rc5 Rxc5 40. dxc5 f6
41. c6 fxe5 42. Rxe5+ Kd6 43. cxd7 Kxd7 44. Rxd5+ Kc6 45. Rc5+ Kb7 46. Re5 Nf6
47. g5 Nh5 48. a5 Nf4 49. b5 Nh3+ 50. Kf1 Kc7 51. a6 Kb6 52. Re6+ Ka7 53. Re7+
Kb6 54. a7 Kxb5 55. a8=Q Kc4 56. Qa4+ Kd3 57. Qd4+ Kc2 58. Re2+ 1-0